La psicopedagogía y sus ámbitos de actuación

Kaydedildi:
Detaylı Bibliyografya
Müşterek Yazar: Asociación de Psicopedagogía Colectivo Pabellón Sur (Yazar)
Materyal Türü: Kitap
Dil:İspanyolca
Baskı/Yayın Bilgisi: Huelva Hergué 2000
Konular:
Etiketler: Etiketle
Etiket eklenmemiş, İlk siz ekleyin!

MARC

LEADER 00000nam a2200000 a 4500
001 UCH5019
003 CL-VaPUC
005 20230628074144.0
008 090916e20000000sp 1 spa d
020 |a 849531925X 
082 0 4 |a 370.15  |b ASO  |2 21 
110 2 |a Asociación de Psicopedagogía Colectivo Pabellón Sur  |e author  |9 621462 
245 1 3 |a La psicopedagogía y sus ámbitos de actuación 
260 |a Huelva  |b Hergué  |c 2000 
300 |a 594 p 
583 |a last modification  |c 20190910 11:22:54  |k Rodrigo Vera 
650 0 0 |a Psicología del aprendizaje  |9 306854 
650 0 0 |a Comprensión de lectura  |9 307588 
650 0 7 |a ORIENTACION PSICOPEDAGOGICA  |2 CL-VaPUC  |9 621463 
650 0 0 |a Congresos  |9 257560 
942 |c BK 
945 |a rbrito  |d 20090916 00:00:00 
546 |a En Español 
536 |a Asociación de Psicopedagogía Colectivo Pabellón Sur 
518 |p Actas del Congreso Nacional de Psicopedagogía, 1, Huelva, 29-30 de abril 1-2 de mayo de 1999 
999 |c 384467  |d 384465 
952 |0 0  |1 0  |4 0  |6 370_150000000000000_ASO_2000  |7 0  |8 A  |9 507215  |a BIBEDU  |b BIBEDU  |d 2020-01-23  |i 4600754  |o 370.15 ASO 2000  |p 4600754  |r 2020-01-23  |w 2020-01-23  |y BK  |k EDI